Statistiche per Sette Continenti - Quiz con Mappa

Clicka qui per fare il quiz!

Statistiche generali

  • Questo quiz è stato fatto 4.972 volte
  • Il punteggio medio è 7 su 7

Risposte nella Mappa

Le risposte nella mappa del quiz sottostante sono codificate secondo una scala di colori dal rosso al verde in base alla % di persone che hanno risposto correttamente.
 

Statistiche sulle risposte

Risposta% Corretto
Africa
96%
Asia
96%
Europa
96%
Nord America
96%
Sud America
96%
Antartide
95%
Australia (Oceania)
94%

Distribuzione punteggi

Percentile per numero di risposta

Percentuale di utenti per punteggio

I tuoi punteggi nel tempo

Non hai fatto questo quiz